Statistics for Guess the Mystery Categories Picture Quiz

Click here to take the quiz!

General Stats

  • This quiz has been taken 175 times
  • The average score is 13 of 20

Answer Stats

Answer% Correct
Salt
97%
Lincoln
95%
Angel
91%
Wedding
89%
Baseball
80%
Comet
77%
Michigan
77%
Phoenix
77%
Victoria
77%
Panama
67%
Cowboy
57%
Cupid
57%
Lakes
55%
Rudolph
55%
Santa's Reindeer
53%
State Capitals
49%
Cakes
46%
Hats
44%
Sponge
41%
Little Rock
26%

Score Distribution

Percentile by Number Answered

Percent of People with Each Score

Your Score History

You have not taken this quiz